000 00680nam a2200193 a 4500
001 000030432
005 20200930062317.0
008 110517s1999 dr ac 000 0 spa d
040 _aDO-SdBNP
_bspa
_cBNPHU
082 _axxx
_bF718a
100 1 _aForestieri S., Rolando
_956547
245 1 0 _aLas academias italianas /
_cRolando Forestieri S.
260 _aSanto Domingo :
_bInstituto Cultural Dominicano Italiano,
_c1999.
300 _a31 p. :
_bil., retrs. ;
_c22 cm.
500 _aConferencia presentada por: Dr. Rolando Forestieri S. en Casa Italia el 18 de marzo de1999.
504 _aBibliografía : p. 32
533 _aEdición fasímilar
_bVenecia
_c1612.
049 _aBNPD
999 _c29924
_d29924